Clasificación Histórica de LaLiga desde el puesto 50º al 1º - Estadísticas

Estadísticas generales
  • Esta prueba ha sido intentada 266 veces
  • La puntuación promedio es 41 de 50
Estadísticas de respuestas
Puesto Temp Puntos Totales Respuesta % Correcto
88 4021 Atlético de Madrid
100%
94 4888 FC Barcelona
100%
94 5005 Real Madrid
100%
81 3269 Sevilla
100%
90 3771 Valencia
100%
94 3774 Athletic Club de Bilbao
99%
59 2304 Real Betis
99%
10º 59 2123 Celta de Vigo
97%
21º 20 903 Getafe
97%
78 3011 Real Sociedad
97%
16º 25 1399 Villarreal
96%
88 3017 Espanyol
95%
12º 46 1843 Deportivo A Coruña
94%
40º 5 246 Girona
93%
18º 32 1340 Mallorca
93%
28º 20 540 CD Málaga
92%
20º 34 1104 Las Palmas
92%
24º 17 791 Málaga CF
92%
11º 58 2109 Real Zaragoza
92%
22º 22 849 Rayo Vallecano
91%
13º 47 1640 Real Valladolid
91%
36º 8 301 UD Almería
90%
44º 5 181 Leganés
89%
14º 43 1615 Osasuna
88%
15º 44 1415 Racing de Santánder
88%
17º 42 1389 Sporting de Gijón
88%
31º 16 499 Cádiz
86%
26º 19 692 Alavés
85%
19º 38 1174 Real Oviedo
85%
23º 27 828 Granada
84%
30º 13 510 Tenerife
83%
27º 16 631 Levante
82%
25º 24 709 Elche
80%
41º 9 230 Córdoba
78%
35º 7 302 Eibar
76%
32º 18 445 Real Murcia
75%
38º 11 285 Castellón
74%
39º 7 257 Albacete
73%
43º 5 188 Recreativo de Huelva
73%
45º 6 168 Burgos CF
68%
49º 3 96 Real Burgos
68%
50º 4 91 Gimnástic
66%
29º 20 538 Hércules
64%
48º 7 107 Arenas de Getxo
55%
33º 12 377 UD Salamanca
55%
37º 9 293 CD Logroñés
50%
34º 14 353 Sabadell
47%
47º 4 148 Numancia
44%
46º 6 150 Pontevedra
38%
42º 4 190 SD Compostela
34%
No se encontraron pruebas coincidentes
Distribución de puntuación
Porcentaje de gente con cada puntuación
Porcentaje por número respondido
Historial de tus puntuaciones
No has intentado esta prueba.